000 01041nam0a22002531 4500
001 rc\3010535
005 20250806201017.0
035 _a(NLR Aleph) 007153098
090 _a4730
_c4730
100 _a20110923d1944 u y0rusy50 ca
101 0 _arus
102 _aRU
105 _ay z |||||
200 1 _aБиблиотечный журнал
_eОрган Дирекции, Партбюро и Месткома Б-ки
_fГос. Б-ка СССР им. В.И. Ленина
210 _aМосква
_cИзд-во стенгаз. "Библиотеч. фронт"
_d1944
300 _aЛитогр. изд.
300 _aПеречень имеющихся в библиотеке томов, номеров, годов этого издания смотри в каталоге периодических изданий
801 0 _aRU
_bNLR
_gpsbo
801 1 _aRU
_bELAR
_2rusmarc
852 _aNLR
_bБ
_jП24/1944
942 _cBOOK
945 _aРоссийская национальная библиотека
980 _aNB
980 _aBV